ECONOMIA (Registro nro. 37515)
[ vista simple ]
| 000 -LEADER | |
|---|---|
| fixed length control field | 00520nam a2200205 a 4500 |
| 001 - CONTROL NUMBER | |
| control field | 37515 |
| 005 - DATE AND TIME OF LATEST TRANSACTION | |
| control field | 20180714010502.0 |
| 008 - FIXED-LENGTH DATA ELEMENTS--GENERAL INFORMATION | |
| fixed length control field | 140415s1986 000 0 spa d |
| 020 ## - INTERNATIONAL STANDARD BOOK NUMBER | |
| International Standard Book Number | 968451980X |
| 041 ## - LANGUAGE CODE | |
| Language code of text/sound track or separate title | spa |
| 082 ## - DEWEY DECIMAL CLASSIFICATION NUMBER | |
| Classification number | 330 |
| Item number | SAM |
| 100 1# - MAIN ENTRY--PERSONAL NAME | |
| Personal name | SAMUELSON, PAUL A. |
| 245 10 - TITLE STATEMENT | |
| Title | ECONOMIA |
| 250 ## - EDITION STATEMENT | |
| Edition statement | 12a ed. |
| 260 ## - PUBLICATION, DISTRIBUTION, ETC. | |
| Place of publication, distribution, etc. | [s.l.] : |
| Name of publisher, distributor, etc. | MCGRAW-HILL DE MEXICO, |
| Date of publication, distribution, etc. | 1986 |
| 300 ## - PHYSICAL DESCRIPTION | |
| Extent | 1156 |
| 650 14 - SUBJECT ADDED ENTRY--TOPICAL TERM | |
| Topical term or geographic name entry element | ECONOMIA |
| 700 1# - ADDED ENTRY--PERSONAL NAME | |
| Personal name | TOHARIA CORTES, LUIS |
| Relator term | tr. |
| 700 1# - ADDED ENTRY--PERSONAL NAME | |
| Personal name | NORDHAUS, WILLIAM P. |
| Relator term | coaut. |
| Withdrawn status | Lost status | Source of classification or shelving scheme | Damaged status | Not for loan | Collection code | Home library | Current library | Shelving location | Date acquired | Source of acquisition | Total Checkouts | Full call number | Barcode | Price effective from | Koha item type | Inventory number | Total Renewals | Date last seen | Date last checked out |
|---|---|---|---|---|---|---|---|---|---|---|---|---|---|---|---|---|---|---|---|
| Dewey Decimal Classification | General | Biblioteca Karol Wojtyla | Biblioteca Karol Wojtyla | Sala general | 03/12/2013 | Compra | 1 | 330 SAM 1986 | 56403 | 26/05/2015 | Libro | 151000000000000000054537 | 1 | 05/01/2026 | 10/10/2022 | ||||
| Descarte | Dewey Decimal Classification | General | Tehuacán | Tehuacán | Sala general | 03/12/2013 | Compra | 330 SAM | 500310 | 03/12/2013 | Libro | ||||||||
| Descarte | Dewey Decimal Classification | General | Tehuacán | Tehuacán | Sala general | 03/12/2013 | Compra | 330 SAM | 500318 | 03/12/2013 | Libro |